La Révolution française de A à Z - Statistiques

Statistiques générales
  • Ce quiz a été pris 51 fois
  • Le résultat moyen est 13 sur 20
Statistiques - réponses
Description Réponse % Correct
B Quelle prison est prise le 14 juillet 1789 ? Bastille
100%
G Quel instrument est utilisé pour les exécutions pendant la Terreur ? Guillotine
87%
L Quel roi est guillotiné le 21 janvier 1793 ? Louis XVI
85%
P Quel serment célèbre est prêté dans une salle de jeu ? Jeu de Paume
83%
N Quelle classe sociale perd officiellement ses privilèges en août 1789 ? Noblesse
83%
R Qui est la figure emblématique de la Terreur? Robespierre
83%
D Quel texte proclame les droits et libertés en 1789 ? Déclaration des droits de l’homme et du citoyen
81%
T Quelle période marque les exécutions massives de 1793-1794 ? Terreur
81%
U Quel type de suffrage est réclamé par les révolutionnaires les plus radicaux ? Universel
79%
M Quel député est assassiné par Charlotte Corday? Marat
77%
S Quel groupe populaire parisien porte des pantalons longs ? Sans-culottes
74%
O Quelle femme rédige la Déclaration des droits de la femme ? Olympe de gouges
72%
I Quel bâtiment parisien est pillé pour récupérer des armes avant la prise de la Bastille ? Invalides
62%
J Quel couvent parisien donne son nom à un club révolutionnaire ? Jacobin
55%
V Quelle bataille stoppe l’avancée prussienne en 1792 ? Valmy
53%
F Quelle fête célèbre l’unité nationale en 1790 au Champ-de-Mars ? Fédération
47%
C Quel organe concentre presque tout le pouvoir pendant la Terreur ? Comité de Salut Public
19%
H Quel révolutionnaire dirige le journal Le Père Duchesne et inspire un courant ultra-radical ? Hébert
19%
A Quel député affirme : “Qu’est-ce que le tiers état ? Tout.” ? Abbé Sieyès
15%
E Quel groupe révolutionnaire ultra-radical réclame davantage d’égalité sociale pendant la Terreur ? Enragés
4%
Aucun quiz correspondant
Distribution des résultats
% des personnes avec chaque résultat
Percentile par nombre de réponses
Votre historique - résultats
Vous n’avez pas pris ce quiz